Estadísticas para De donde son estos Entrenadores?

Haz click aquí para intentar la prueba.

Estadísticas generales

  • Esta prueba ha sido intentada 20 veces
  • La puntuación promedio es 4 de 10

Estadísticas de respuestas

EntrenadorRespuesta% Correcto
ZidaneMarsella
69%
ArtetaSan Sebastian
69%
XaviTerrassa
63%
GuardiolaSantpedor
44%
Sir Alex FergusonGovan
38%
MourinhoSetubal
31%
WengerEstrasburgo
25%
AncelottiReggiolo
25%
KloppStuttgart
25%
Ten HagHaaksbergen
19%

Distribución de puntuación

Porcentaje por número respondido

Porcentaje de gente con cada puntuación

Historial de tus puntuaciones

No has intentado esta prueba.